[Event "XLIII Sevilla Open 2018"]
[Site "Sevilla"]
[Date "2018.01.15"]
[Round "4"]
[White "Alshameary Puente, Ismael"]
[Black "Anurag, Mhamal"]
[Result "1/2-1/2"]
[WhiteElo "2342"]
[BlackElo "2472"]
[Annotator "TA"]
[PlyCount "111"]
[EventDate "2018.??.??"]
[EventType "swiss"]
[EventCountry "ESP"]
[SourceTitle "playchess.com"]
[Source "ChessBase"]
[SourceQuality "1"]

{[%evp 16,110,20,-12,0,-2,0,-18,0,-12,1,0,40,40,45,53,150,81,83,81,199,85,219,190,218,160,154,143,318,320,417,404,352,424,395,419,389,406,375,306,324,306,492,464,504,470,522,514,520,494,512,512,505,496,544,542,529,525,504,493,435,117,117,114,115,0,0,0,13,16,142,79,85,85,85,0,373,29,255,255,243,85,144,144,144,144,144,144,144,144,144,144,277,183,5097,0,0]} 1. d4 Nf6 2. c4 g6 3. Nf3 Bg7 4. g3 c5 5. Bg2 O-O 6. Nc3 d5 7. cxd5 Nxd5 8. O-O Nc6 9. e3 {LiveBook: 5 Games} Be6 {D75: Fianchetto Grünfeld: Main Line with 7...c5} (9... cxd4 10. Nxd4 Nxd4 11. exd4 Be6 12. Qf3 Nxc3 13. bxc3 Rc8 14. Bg5 b6 15. Rfc1 Qd7 16. d5 Bg4 17. Qd3 {0-1 (67) Van Wely,L (2636)-Dlugy,M (2531) Internet 1999}) 10. Nxd5 Bxd5 11. dxc5 Bc4 12. Re1 $146 ({Predecessor:} 12. Qxd8 Raxd8 13. Re1 Nb4 14. Bd2 Nd3 15. Ba5 Nxe1 16. Rxe1 Rd7 17. b3 Bd5 18. Nd2 Bxg2 19. Kxg2 Rc8 20. Bb4 a5 21. Bxa5 Rxc5 22. Bb4 Rb5 {0-1 (22) Colls Gelaberto,E (2093)-Fernandes,A (2457) Sabadell 2017}) 12... Qa5 13. Qc2 Qb5 14. Bd2 Rfd8 15. a4 Qa6 ({Black should play} 15... Qb3 $14 16. Qxb3 Bxb3) 16. Ra3 ({White should try} 16. b4 Bxa1 17. b5) 16... Bd3 17. Qc1 $1 {Black must now prevent b4.} Rac8 (17... Qc4 $16 {was worth a try.}) 18. Bc3 (18. b4 $1 $18) 18... e5 (18... Bxc3 $16 19. Qxc3 Be4) 19. b4 $36 {[%cal Bb2b4,Bb4b5][%mdl 2080] White has strong initiative.} Qc4 20. b5 Nb4 21. Bxe5 Nc2 $2 (21... Bxe5 $16 {was called for.} 22. Nxe5 Qxc5 23. Qxc5 Rxc5) 22. Rc3 Qxa4 23. Bxg7 $1 Kxg7 24. Qb2 Kg8 25. Rc1 Be4 26. R3xc2 Bxc2 27. Qxc2 Qxb5 28. Nd4 Qd7 $2 (28... Qb4 29. c6 bxc6 30. Bxc6 Qb6) 29. h4 Qe7 30. Bh3 Rc7 31. Nb5 Rc6 32. Nxa7 Ra6 33. Nc8 Qc7 34. Nb6 Ra5 35. Bg2 Rxc5 36. Qxc5 Rd1+ 37. Kh2 Rxc1 {[#]} 38. Qa3 $2 (38. Qd4 $1 $18 {and the rest is easy.}) 38... Rc2 $16 39. Nd5 Qe5 40. Ne7+ (40. Kg1 $16) 40... Kg7 $11 41. Kg1 b5 42. Nd5 Rd2 (42... Qb2 $1 $11 43. Qxb2+ Rxb2) 43. Qc5 (43. Nf4 $142) 43... Qa1+ 44. Bf1 Qe5 45. Bg2 (45. e4 $1 $16) 45... Rb2 $2 {[%mdl 8192]} (45... Qa1+ $11 {and Black stays safe.} 46. Bf1 Qe5) 46. Qc8 $2 (46. f4 $18 Rb1+ 47. Kh2) 46... b4 $2 (46... Rb1+ $1 $11 47. Kh2 Rb2) 47. Qc4 $18 b3 48. Be4 $2 (48. Qd3 $18 {is more deadly.}) 48... Ra2 (48... Rc2 $142 49. Bxc2 bxc2 50. Qxc2 Qxd5) 49. Qxb3 $16 Ra1+ {[#]} 50. Kh2 $1 {Nf4 is the strong threat.} Qxe4 {[%csl Ga1][%cal Re4h1][%mdl 4096] Endgame KQR-KQN} 51. Qb2+ Kh6 {[%csl Ga1][%cal Re4h1]} 52. Qxa1 Qxd5 53. Qf6 Qa2 (53... Qb3 $16 54. Qf4+ Kg7) 54. g4 {White threatens g5+ and mate.} Qe2 $2 (54... Qc4) 55. Kg3 (55. g5+ $142 Kh5 56. Qxf7) 55... Qxg4+ 56. Kxg4 {Precision: White = 49%, Black = 27%.} 1/2-1/2

[Event "XLIII Sevilla Open 2018"]
[Site "Sevilla"]
[Date "2018.01.15"]
[Round "4"]
[White "Gutierrez Olivares, Daniel"]
[Black "Pulvett Marin, Daniel"]
[Result "0-1"]
[WhiteElo "2324"]
[BlackElo "2438"]
[Annotator "TA"]
[PlyCount "62"]
[EventDate "2018.??.??"]
[EventType "swiss"]
[EventCountry "ESP"]
[SourceTitle "playchess.com"]
[Source "ChessBase"]
[SourceQuality "1"]

{[%evp 10,62,6,-6,-12,-19,-13,-40,-33,-15,-19,-20,-24,-18,-15,-28,12,7,43,33,45,6,10,0,0,0,1,0,6,-4,0,0,0,0,16,0,0,-134,-116,-133,-114,-131,-138,-146,-138,-132,-137,-602,-562,-609,-588,-960,-951,-1004,-985]} 1. c4 Nf6 2. g3 g6 3. Bg2 Bg7 4. Nc3 O-O 5. e3 c6 6. Qb3 {LiveBook: 16 Games} d5 {A16: English Opening: 1...Nf6 with ...d5} 7. Nge2 {[%cal Rc4d5]} dxc4 8. Qxc4 Nbd7 {Threatens to win with ...Ne5.Black is slightly better.} 9. d4 e5 10. O-O Nb6 11. Qb3 exd4 $146 ({Find the theoretical novelty and annotate with similar games:} 11... Be6 12. Qc2 Nfd5 13. Nxd5 Bxd5 14. e4 Bc4 15. dxe5 Qd3 {½-½ (15) Claesen,P (2430)-Vetemaa,J (2325) Liege 1998}) 12. Nxd4 c5 13. Nde2 Be6 14. Qc2 Qe7 15. e4 Rfd8 16. b3 c4 17. Nf4 Rac8 $36 {[%mdl 2048] Black has the initiative.} 18. Nxe6 Qxe6 19. Bb2 cxb3 20. axb3 Nfd7 {[%cal Bf6d7,Bd7c5,Bc5b3][%mdl 32]} 21. Rfd1 a6 22. f4 Nc5 23. b4 (23. e5 $11) 23... Qb3 24. Qxb3 Nxb3 25. Rxd8+ Rxd8 26. Rd1 {[#]} Bd4+ $1 27. Kh1 Nc4 28. Na4 $2 {[%mdl 8192]} (28. Bc1 $17) 28... b5 $19 {[%cal Bb7b5,Bb5a4][%mdl 32] Black is clearly winning.} ({Stronger than} 28... Nxb2 29. Nxb2 b5 30. e5 $11) 29. Bf1 {With the idea Bxc4.} Ne3 ({Weaker is} 29... Nxb2 30. Nxb2 Re8 31. Rd3 $15) 30. Rd3 {Black should prevent Nc5.} bxa4 31. Be2 Rc8 {Precision: White = 43%, Black = 91%.} 0-1

[Event "XLIII Sevilla Open 2018"]
[Site "Sevilla"]
[Date "2018.01.15"]
[Round "4"]
[White "Silva Lucena, Cristian"]
[Black "Swayams, Mishra"]
[Result "0-1"]
[WhiteElo "2301"]
[BlackElo "2432"]
[Annotator "TA"]
[PlyCount "85"]
[EventDate "2018.??.??"]
[EventType "swiss"]
[EventCountry "ESP"]
[SourceTitle "playchess.com"]
[Source "ChessBase"]
[SourceQuality "1"]

{[%evp 26,85,0,0,0,0,6,0,0,0,0,-28,-25,-25,-18,-100,-89,-102,-87,-95,-97,-99,-83,-81,-65,-68,-68,-52,-61,-95,-85,-81,-2,-60,20,27,30,0,2,-72,-81,-187,-184,-176,-165,-261,-285,-406,-407,-406,-384,-570,-563,-572,-553,-569,-552,-905,-850,-6199,-6199,-29965]} 1. e4 e6 2. d4 d5 3. Nc3 Nf6 4. Bg5 Bb4 5. e5 h6 6. Be3 Ne4 7. Qg4 g6 {[%cal Bg7g6,Bg6g5][%mdl 32]} 8. a3 Bxc3+ 9. bxc3 c5 10. Bd3 {C12: French: Classical System: McCutcheon Variation} h5 (10... Nxc3 11. dxc5 Nc6 12. Nf3 Qa5 13. O-O Qa4 14. Qxa4 Nxa4 15. Bb5 Nc3 16. a4 Bd7 17. Ra3 Ne4 {½-½ (74) Ponkratov,P (2605)-Nguyen,N (2625) Khanty-Mansiysk 2013}) 11. Qf4 g5 12. Qf3 Nxc3 13. dxc5 d4 14. Bd2 {LiveBook: 18 Games} Bd7 15. Qg3 ({Don't blunder} 15. Qxb7 $2 Bc6 $19) 15... h4 16. Qxg5 Qxg5 17. Bxg5 Bc6 $1 {[%cal Rc6g2]} 18. f3 $146 Nd7 19. Kf2 Rh5 20. Bf6 (20. Nh3 $11 {keeps the balance.}) 20... Nxf6 $17 21. exf6 O-O-O 22. Ne2 Nxe2 23. Kxe2 Rxc5 24. g4 Re5+ 25. Kf2 Re3 26. Be2 Rd5 27. Rhd1 Rde5 28. Rd2 Rc3 (28... a5 $17) 29. Rg1 (29. Rb1 $11) 29... Bb5 ({Black should play} 29... a5 $15) 30. Bd1 $11 d3 31. cxd3 Bxd3 32. f4 (32. g5 $11) 32... Re4 $36 {[%mdl 2048] Black is in control.} 33. Bf3 (33. f5 $17 {was necessary.}) 33... Rxf4 $19 34. Ke3 Rxf6 {[#]} 35. Kd4 (35. Bxb7+ $142 $1 {[%mdl 512]} Kxb7 36. Rxd3 Rxd3+ 37. Kxd3) 35... Rxa3 ({And not} 35... Rxf3 36. Kxc3 Be4+ 37. Kd4 $11) 36. Rc1+ (36. Bh1 $142 e5+ 37. Kxe5 Re6+ 38. Kf4) 36... Kb8 37. Bh1 Rf4+ 38. Ke3 (38. Ke5 {was the only chance.} Rxg4 39. Rcd1) 38... Rc4 {Black is clearly winning.} 39. Rxc4 Bxc4+ 40. Kd4 Ra2 41. Rxa2 Bxa2 42. Ke5 {[#]} Bd5 $1 43. Kd4 {Precision: White = 31%, Black = 75%.} (43. Bxd5 exd5) 0-1

[Event "XLIII Sevilla Open 2018"]
[Site "Sevilla"]
[Date "2018.01.15"]
[Round "4"]
[White "Veiga, Jose Francisco R P "]
[Black "Vega Gutierrez, Sabrina"]
[Result "1-0"]
[WhiteElo "2222"]
[BlackElo "2427"]
[Annotator "TA"]
[PlyCount "153"]
[EventDate "2018.??.??"]
[EventType "swiss"]
[EventCountry "ESP"]
[SourceTitle "playchess.com"]
[Source "ChessBase"]
[SourceQuality "1"]

{[%evp 17,153,8,22,13,47,54,60,27,119,122,123,117,162,154,166,157,164,102,100,97,99,77,84,74,97,94,113,112,114,115,116,116,142,134,150,150,143,143,139,148,152,135,292,292,292,292,320,266,392,379,356,282,547,533,615,606,582,590,577,572,519,341,618,620,591,584,1261,1235,5525,5501,29970,29971,29973,29972,29965,29973,29973,29972,29965,29975,29975,29976,29976,29974,29977,29978,29979,29978,29978,29979,29981,29982,29982,29983,29983,29982,29983,29984,29983,29976,29975,29973,29973,29964,29963,29970,29973,29970,29972,29968,29967,0,29971,29974,29969,128,128,128,29969,29964,29961,29965,29939,29940,29964,29965,29980,29981,29988,29989,29989,29990,29990,29991,29991,29992,29995,29996]} 1. e4 c5 2. Nf3 e6 3. d4 cxd4 4. Nxd4 Nc6 5. Nc3 a6 6. Nxc6 bxc6 7. Bd3 d5 8. O-O Qc7 {B46: Sicilian: Taimanov: 5 Nc3 a6} 9. Qe2 (9. Re1 Bb7 10. Qf3 Bd6 11. e5 Bf8 12. Ne2 Ne7 13. Ng3 c5 14. c4 dxc4 15. Be4 Nc6 16. Qc3 {½-½ (33) Wei,Y (2740)-Ivanchuk,V (2732) Hoogeveen 2017}) 9... Bb7 {LiveBook: 20 Games} 10. Kh1 Bd6 $146 {The position is equal.} ({Find the theoretical novelty and annotate with similar games:} 10... Nf6 11. Bg5 Be7 12. e5 Nd7 13. Bxe7 Kxe7 14. f4 g6 15. Na4 c5 16. c4 {1-0 (41) Bistric,F (2400)-Marjanovic,S (2515) Sarajevo 1982}) 11. f4 Ne7 12. Be3 O-O (12... c5 $1 $11 {remains equal.} 13. e5 c4 14. exd6 Qxd6) 13. e5 $16 Bb4 {White should prevent ...c5.} 14. Na4 $1 {Bb6 is the strong threat.} Nf5 15. Bb6 $1 {[%cal Rb6c7]} Qb8 16. g4 Nh6 17. g5 ({White should play} 17. h3 $18) 17... Nf5 18. c3 Be7 19. Bxf5 exf5 20. Bc5 Qc7 21. Qh5 Bxc5 22. Nxc5 Qe7 23. b4 Bc8 24. Rf3 {[%cal Bf1f3,Bf3h3,Bh3d3,Bd3d4][%mdl 32]} Be6 25. Rh3 {[%csl Gh3][%cal Rh5h7]} h6 26. gxh6 g6 27. Qg5 $1 $40 {[%cal Rg5e7][%mdl 128] White wants a kill.} Rfe8 28. Rd3 a5 29. a4 Qxg5 $2 (29... Kh7 $16 30. h4 Rab8) 30. fxg5 $18 Bc8 {[#]} 31. Re1 $1 Ra7 32. Kg2 Ba6 (32... Be6 $142 33. h4 Kh7) 33. Rd4 Bc4 34. Kf3 Rb8 $2 (34... axb4 {was necessary.} 35. cxb4 Kh7) 35. e6 fxe6 36. Rxe6 axb4 37. cxb4 Kh7 38. Rxc6 Rxb4 39. Ne6 Rb8 $2 (39... Rb3+ 40. Kf4 Rb8) 40. Rc7+ Rxc7 41. Nxc7 {[%mdl 4096] Endgame KRB-KRN} Rb4 42. a5 Ra4 43. Nxd5 {White threatens Nf6+ and mate.} Bxd5+ 44. Rxd5 {KR-KR} Kh8 45. Rd8+ Kh7 46. Rd7+ Kh8 47. Rd6 Rxa5 48. Rxg6 Ra4 49. Rf6 Rh4 50. Rxf5 Rxh2 51. Rf7 Rh1 52. Ra7 Rh4 53. Kg3 Rh5 54. Kg4 Rh1 55. Kf5 Rb1 56. Rd7 Rb5+ 57. Kf6 Rb6+ 58. Kf7 Kh7 59. Kf8+ Kh8 60. Ke7 Rg6 {[#]} 61. Rd5 $1 Kh7 62. Rf5 Kh8 63. Re5 Kg8 64. Rd5 Kh7 65. Kf7 Rg8 66. Kf6 $2 (66. Ke6 {NOTEXT} Re8+ 67. Kf5 Rf8+ 68. Kg4 Rf1 69. Rd7+ Kg8 70. g6 Rg1+ 71. Kf5 Rf1+ 72. Ke4 Re1+ 73. Kf3) 66... Rf8+ $16 67. Ke7 Rg8 $2 {[%mdl 8192]} (67... Rb8 $16 68. Kf7 Rb2) 68. Kf7 {White mates.} Rg6 69. Rf5 Rg8 70. Kf6 Rf8+ 71. Ke5 Ra8 72. Rf7+ Kh8 73. g6 Ra5+ 74. Kf6 {[%cal Rf7f8]} Ra6+ 75. Kg5 {[%cal Rf7f8]} Ra5+ 76. Rf5 Ra8 77. h7 {Precision: White = 74%, Black = 42%.} 1-0

[Event "XLIII Sevilla Open 2018"]
[Site "Sevilla"]
[Date "2018.01.16"]
[Round "5"]
[White "Kveinys, Aloyzas"]
[Black "Aguera Naredo, Javier"]
[Result "1-0"]
[WhiteElo "2547"]
[BlackElo "2391"]
[Annotator "TA"]
[PlyCount "73"]
[EventDate "2018.??.??"]
[EventType "swiss"]
[EventCountry "ESP"]
[SourceTitle "playchess.com"]
[Source "ChessBase"]
[SourceQuality "1"]

{[%evp 10,73,0,0,17,27,36,24,32,35,26,24,31,16,23,22,22,27,47,13,18,13,14,18,12,6,37,13,40,37,38,46,46,42,62,73,95,95,93,41,34,26,26,26,26,26,26,30,29,0,31,0,0,0,0,0,0,0,411,389,781,717,750,722,835,818]} 1. d4 Nf6 2. Nf3 g6 3. Bf4 Bg7 4. c3 O-O 5. h3 d6 6. Nbd2 c5 {A48: 1 d4 Nf6 2 Nf3 g6: Torre, London and Colle Systems} (6... Nbd7 7. Bh2 b6 8. e4 e5 9. Bd3 Bb7 10. O-O Nh5 11. Re1 Bh6 12. Nc4 {½-½ (12) Berkes,F (2645)-Vovk,A (2641) Hungary 2017}) 7. dxc5 dxc5 8. e4 b6 {White has an edge.} 9. Qc2 Bb7 10. Be2 {[%cal Bf1e2,Be2c4,Bc4d5][%mdl 32]} Nc6 11. O-O Nh5 12. Bh2 e5 13. Rfe1 $146 ({Predecessor:} 13. Nc4 Qc7 14. Rfd1 {½-½ (29) Michna,M (2398)-Tari,A (2518) Germany 2015}) 13... Qe7 14. Bc4 Rfd8 15. Bd5 Nf4 16. Bxf4 exf4 17. a4 Na5 18. Nb3 (18. Bxb7 {seems wilder.} Qxb7 19. e5 Re8 20. Rac1 Qd5 21. Ne4) 18... Nxb3 (18... Nc6 {is interesting.} 19. a5 Rab8 20. axb6 axb6 21. Qe2 Qc7) 19. Qxb3 Bxd5 20. exd5 Qc7 21. Re4 Bf6 22. Rae1 Qd6 23. c4 Kf8 24. R1e2 (24. Ne5 $16) 24... Re8 $14 25. Kf1 Rxe4 26. Rxe4 Re8 27. Rxe8+ Kxe8 28. Qb5+ Kf8 29. b3 Bc3 30. Ke2 Qf6 {[#] Threatens to win with ...Qf5.} 31. Qd7 Ba5 {...Qb2+ is the strong threat.} 32. Kd3 $1 Qc3+ 33. Ke4 {And now d6 would win.} Qc2+ $2 {[%mdl 8192] [#]} (33... Qxb3 $11 {and Black is okay.} 34. Qd6+ Kg8 35. Qb8+ Kg7 36. Qe5+ Kg8 37. Qe8+ Kg7 38. Qe5+ Kg8 39. Qe8+ Kg7 40. Qe5+) 34. Ke5 $1 $18 Qxf2 $2 (34... Qc3+ 35. Kd6 (35. Kxf4 Qxb3 36. Qd6+ Kg7 $14) 35... Qf6+ 36. Kc7 b5+ 37. Kb7 bxa4 38. bxa4 Kg7) 35. Qd8+ {White is clearly winning.} Kg7 36. Qf6+ Kg8 37. Kd6 {Precision: White = 60%, Black = 57%.} 1-0

[Event "XLIII Sevilla Open 2018"]
[Site "Sevilla"]
[Date "2018.01.16"]
[Round "5"]
[White "Saric, Ante"]
[Black "Campora, Daniel H"]
[Result "1/2-1/2"]
[WhiteElo "2537"]
[BlackElo "2417"]
[Annotator "TA"]
[PlyCount "63"]
[EventDate "2018.??.??"]
[EventType "swiss"]
[EventCountry "ESP"]
[SourceTitle "playchess.com"]
[Source "ChessBase"]
[SourceQuality "1"]

{[%evp 24,63,29,24,27,29,33,22,32,17,15,9,8,1,23,-4,25,0,0,0,6,8,14,0,0,-8,0,0,0,0,0,0,0,0,0,-13,62,61,73,62,61,61]} 1. Nf3 d5 2. d4 Nf6 3. c4 c6 4. e3 g6 5. Nc3 Bg7 6. Bd3 O-O 7. O-O Bg4 8. h3 Bxf3 9. Qxf3 e6 10. Rd1 Nbd7 11. b3 Re8 12. Bb2 a6 13. Qe2 {[#] LiveBook: 5 Games. D94: Grünfeld: 4 Nf3 Bg7 5 e3} Qa5 $146 ({Predecessor:} 13... Qe7 14. Rac1 Rad8 15. Bb1 h5 16. e4 dxe4 17. Nxe4 Nxe4 18. Bxe4 Nb6 19. Rd3 Rd7 20. Rcd1 Red8 21. Bf3 Nc8 {½-½ (21) Corrales Jimenez,F (2574)-Bruzon Batista,L (2653) Badalona 2010}) 14. a3 Qb6 15. b4 Qa7 16. f4 dxc4 17. Bxc4 Nd5 18. Ne4 Qb8 19. Nc5 Qc7 20. Rac1 (20. Nd3 {is interesting.} f5 21. Rac1 N7f6 22. Nc5 Qe7 23. Rc2) 20... a5 21. Nxd7 Qxd7 22. b5 Rec8 23. a4 Qe7 24. bxc6 Rxc6 25. Bb5 Rcc8 26. Qd2 Qb4 27. Qxb4 axb4 28. Kf2 Bf8 29. Ke2 Nc3+ (29... Rd8 $11) 30. Bxc3 $1 $14 bxc3 31. Kd3 Bb4 32. Kc2 {Precision: White = 50%, Black = 59%.} 1/2-1/2

[Event "XLIII Sevilla Open 2018"]
[Site "Sevilla"]
[Date "2018.01.16"]
[Round "5"]
[White "Swapnil, S  Dhopade"]
[Black "Carrasco Martinez, Juan M"]
[Result "1/2-1/2"]
[WhiteElo "2533"]
[BlackElo "2373"]
[Annotator "TA"]
[PlyCount "79"]
[EventDate "2018.??.??"]
[EventType "swiss"]
[EventCountry "ESP"]
[SourceTitle "playchess.com"]
[Source "ChessBase"]
[SourceQuality "1"]

{[%evp 18,79,54,44,50,44,51,36,48,38,52,45,71,33,32,21,26,0,21,0,0,0,0,0,9,7,18,0,0,0,0,0,0,0,0,0,0,0,5,5,2,0,0,0,0,0,0,0,0,0,0,0,0,0,0,0,0,0,0,0,0,0,0,0]} 1. d4 Nf6 2. c4 c5 3. d5 b5 4. cxb5 a6 5. bxa6 g6 6. Nc3 {A58: Benko/Volga Gambit: Lines with 5 bxa6} Bg7 7. a7 (7. g3 d6 8. Bg2 O-O 9. Nf3 Nbd7 10. O-O Nb6 11. e4 Bxa6 12. Re1 Nc4 13. Bf1 Nd7 14. Nd2 Nde5 15. Nxc4 Nxc4 16. Bd3 Qb6 17. Rb1 Rfb8 18. Na4 Qb4 19. Kg2 Ne5 20. Bd2 {0-1 (53) Harika,D (2528)-Kramnik,V (2803) Douglas 2017}) 7... Rxa7 8. e4 O-O 9. Nf3 e6 10. Be2 {LiveBook: 30 Games} exd5 11. exd5 Ba6 12. O-O d6 13. Bf4 $146 ({Predecessor:} 13. Re1 Re8 {1-0 (48) Menezes,C (2404)-Gavrish,L (2212) Lisbon 2017}) 13... Qb6 14. Rb1 Nbd7 15. Nd2 Bxe2 16. Qxe2 {Black must now prevent Nc4.} Nh5 17. Be3 Qa6 {The position is equal.} 18. Qxa6 Rxa6 19. Nc4 Rb8 20. Bd2 Ne5 21. b3 f5 22. Nxe5 Bxe5 23. Na4 Nf6 24. Bc3 Nxd5 25. Bxe5 dxe5 26. Rbc1 Nb4 27. Rxc5 Nxa2 28. Rxe5 Rc6 29. Re3 Nc1 30. g3 Nxb3 31. Rb1 Rc1+ 32. Rxc1 Nxc1 $11 {[%mdl 4096] Endgame KRN-KRN} 33. Nc5 Rc8 34. Nd7 Kf7 35. Ne5+ Kf6 36. Nd7+ Kf7 37. h4 Rc7 38. Ne5+ Kf6 39. Nf3 Rc3 40. Rxc3 {Precision: White = 71%, Black = 79%.} 1/2-1/2

[Event "XLIII Sevilla Open 2018"]
[Site "Sevilla"]
[Date "2018.01.16"]
[Round "5"]
[White "Gleizerov, Evgeny"]
[Black "Pogorelov, Ruslan"]
[Result "1-0"]
[WhiteElo "2509"]
[BlackElo "2358"]
[Annotator "TA"]
[PlyCount "87"]
[EventDate "2018.??.??"]
[EventType "swiss"]
[EventCountry "ESP"]
[SourceTitle "playchess.com"]
[Source "ChessBase"]
[SourceQuality "1"]

{[%evp 11,87,0,2,2,-3,-8,22,31,33,23,27,17,41,26,61,52,46,49,57,52,47,52,54,42,76,62,51,47,108,97,93,92,217,214,216,219,205,205,197,197,191,199,253,268,355,361,335,285,434,419,458,453,453,428,800,790,6929,6043,29957,29958,29958,29963,29958,29960,29954,29956,29950,29951,12834,12841,29972,29973,29973,29974,29971,29973,29971,12357]} 1. d4 Nf6 2. c4 e6 3. g3 Bb4+ 4. Bd2 Be7 5. Bg2 d5 6. Nf3 c6 {LiveBook: 953 Partien} 7. a4 $146 {E11: Damenindisch (Bogoljubow-Variante)} ({Vorgänger:} 7. Qc2 O-O 8. O-O b6 9. Rd1 Nbd7 10. Bf4 Bb7 11. Ne5 Nh5 12. Bd2 Nhf6 13. cxd5 cxd5 14. Nc6 Bxc6 15. Qxc6 a6 16. a4 Rc8 17. Qb7 Nb8 18. Na3 Qc7 19. Qxc7 Rxc7 {½-½ (52) Cheparinov,I (2710)-Kuzubov,Y (2699) Riadh 2017}) 7... O-O 8. a5 Na6 9. O-O {Die Stellung ist ausgeglichen.} c5 10. cxd5 exd5 11. Nc3 Ne4 12. Be1 (12. dxc5 {is interesting.} Naxc5 13. Be1 Nf6 14. Nd4 Bg4 15. b4) 12... Bf6 13. dxc5 Nxc3 14. Bxc3 Bxc3 15. bxc3 Nxc5 16. Nd4 Be6 17. f4 {[%cal Bf2f4,Bf4f5][%mdl 32]} Qd6 18. f5 Bd7 {[#]} 19. f6 $1 {[%mdl 512]} g6 ({Besser ist} 19... gxf6 $14 20. Nf5 Qe5) 20. Qd2 {Und weiter mit Dh6 wäre nett.} Kh8 21. Qg5 Ne4 (21... Rfe8 $16) 22. Bxe4 $1 $18 dxe4 {[#]} 23. Rf4 $1 Rfc8 24. Qh6 $40 {[%csl Gf6][%cal Rh6g7][%mdl 128] Weiss hat starken Angriff.} ({Auf keinen Fall} 24. Rxe4 $6 Rxc3 25. Rb1 b6 $16) 24... Qf8 25. Qxf8+ Rxf8 26. Rxe4 Rfd8 (26... Kg8 {ist wohl besser.} 27. Re7 Rfd8) 27. Rb1 Rab8 28. Re7 Kg8 29. e4 {[%cal Be2e4,Be4e5,Be5e6,Be6d7][%mdl 32]} Kf8 (29... b6 {kämpft weiter.} 30. e5 h5) 30. e5 h6 31. Kf2 b6 32. axb6 axb6 (32... Rxb6 $142 33. Rd1 Rbb8) 33. Ra1 Rbc8 34. Ra7 Be8 35. e6 Rd6 36. Rxf7+ Bxf7 37. Rxf7+ {[%mdl 4096] Endspiel KTT-KTS} Kg8 38. Rg7+ Kh8 39. Rd7 Rxd7 40. exd7 Rd8 41. f7 {Weiß setzt Matt.} Kg7 42. Ne6+ Kxf7 43. Nxd8+ Ke7 {[#]} 44. Nf7 $1 {Precision: Weiß = 81%, Schwarz = 28%.} 1-0

[Event "XLIII Sevilla Open 2018"]
[Site "Sevilla"]
[Date "2018.01.16"]
[Round "5"]
[White "Matamoros Franco, Carlos S"]
[Black "Alshameary Puente, Ismael"]
[Result "1/2-1/2"]
[WhiteElo "2484"]
[BlackElo "2342"]
[Annotator "TA"]
[PlyCount "60"]
[EventDate "2018.??.??"]
[EventType "swiss"]
[EventCountry "ESP"]
[SourceTitle "playchess.com"]
[Source "ChessBase"]
[SourceQuality "1"]

{[%evp 24,60,16,14,15,12,13,0,0,0,0,0,0,0,0,0,0,0,0,0,0,0,0,0,0,0,0,0,0,0,0,0,0,0,0,0,0,0,0]} 1. Nf3 Nf6 2. g3 g6 3. Bg2 Bg7 4. O-O O-O 5. d4 d5 6. c4 c6 7. cxd5 cxd5 8. Ne5 Ne4 9. Nc3 Nxc3 10. bxc3 Nc6 11. Nxc6 bxc6 12. Qa4 Qb6 13. Ba3 {The position is equal.} Qa6 {D79: Fianchetto Grünfeld: Symmetrical Variation (6 0-0 c6 7 cxd5 cxd5)} 14. Qxa6 Bxa6 15. Rfe1 Rfe8 16. Bf1 (16. e3) 16... e6 17. e3 Bxf1 18. Kxf1 Bf8 19. Bxf8 Kxf8 $11 {[%mdl 4096] Endgame KRR-KRR} 20. Reb1 $146 ({Predecessor:} 20. Rab1 Reb8 21. Rb3 {½-½ (31) Yilmazyerli,M (2438)-Istratescu,A (2609) Graz 2016}) 20... Reb8 21. Rb3 Rb6 22. Rab1 Rab8 23. Ke2 Ke7 24. Kd3 Kd6 25. c4 {[#] And now c5+ would win.} c5 26. cxd5 Rxb3+ 27. axb3 Kxd5 28. dxc5 Kxc5 29. Kc3 Rd8 30. Ra1 Kb6 {Precision: White = 90%, Black = 100%.} 1/2-1/2